|
|
|
|
| LEADER |
00000cam a2200000 7i4500 |
| 001 |
0000001859 |
| 005 |
20020308.0 |
| 020 |
0 |
0 |
|a 9839592513
|
| 090 |
0 |
0 |
|a 634.909595
|b INT 1995
|
| 110 |
1 |
0 |
|a International Workshop of Bio-Refor
|k 1994
|j Kangar
|
| 245 |
1 |
0 |
|a Proceedings of the International Workshop of Bio-Refor, Kangar, November 28-December 1, 1994
|c editors Wickneswari Ratnam ... [et al.]
|
| 260 |
0 |
0 |
|a Kuala Lumpur :
|b Forest Research Institute Malaysia ,
|c 1995
|
| 300 |
|
|
|a ix, 218 p. ;
|c 30 cm.
|
| 650 |
0 |
0 |
|a Forest and forestry
|z Malaysia
|x Congresses
|
| 650 |
0 |
0 |
|a Forestry biotechnology
|z Malaysia
|x Congresses
|
| 650 |
0 |
0 |
|a Reforestration
|z Malaysia
|x Congresses
|
| 650 |
0 |
0 |
|a Tree farms
|z Malaysia
|x Congresses
|
| 700 |
0 |
1 |
|a Wickneswari Ratnam
|
| 710 |
1 |
1 |
|a Institut Penyelidikan Perhutanan Malaysia (FRIM)
|
| 998 |
|
|
|a JPSM
|
| 999 |
|
|
|a 0000003064
|b Monograph
|c Open Shelf
|e Default branch
|